000 00414nam a22001097a 4500
008 110316t xxu||||| |||| 00| 0 eng d
050 _aBF637
_b.L48 1996
245 _aLeadership:
_bmaking human strength productive unit 3 power/
_cby The Center for Organizational Excellence at Eastern College
300 _a33 p. ;
_c28 cm.
710 _aThe Center for Organizational Excellence at Eastern College
942 _2lcc
_cBK
999 _c38071
_d38071